Fe, verdad y tolerancia: el cristianismo y las religiones del mundo
Guardat en:
| Autor principal: | |
|---|---|
| Format: | Llibre |
| Idioma: | espanyol |
| Publicat: |
Salamanca
Sígueme
2005
|
| Edició: | 5a. ed |
| Col·lecció: | Verdad e Imagen, 163
|
| Matèries: | |
| Etiquetes: |
Afegir etiqueta
Sense etiquetes, Sigues el primer a etiquetar aquest registre!
|
MARC
| LEADER | 00000nam a2200000 a 4500 | ||
|---|---|---|---|
| 001 | UCK8157 | ||
| 003 | CL-VaPUC | ||
| 008 | 060120e20050000SP |||||||||||||||||spa|d | ||
| 020 | |a 8430115196 | ||
| 082 | 0 | 4 | |a 261.2 |b RAT |2 21 |
| 100 | |a Ratzinger, Joseph, |c Papa |e autor |9 494399 | ||
| 245 | 1 | 0 | |a Fe, verdad y tolerancia: el cristianismo y las religiones del mundo |
| 250 | |a 5a. ed | ||
| 300 | |a 237 p | ||
| 942 | |c BK | ||
| 945 | |d 20060120 00:00:00 |a jtorresc | ||
| 260 | |a Salamanca |b Sígueme |c 2005 | ||
| 650 | 0 | |a Cristianismo |9 257361 | |
| 583 | |a last modification |c 20060120 00:00:00 |k Rodrigo Vera | ||
| 490 | 0 | |a Verdad e Imagen, 163 | |
| 999 | |c 315938 |d 315936 | ||
| 952 | |0 0 |1 0 |4 0 |6 261_200000000000000_RAT_2005 |7 0 |8 A |9 389821 |a BIBTEO |b BIBTEO |d 2019-11-22 |i 4200799 |l 1 |o 261.2 RAT 2005 |p 4200799 |r 2025-01-17 |s 2023-08-29 |w 2019-11-22 |y BK |k ICR | ||